000 00619nam a22001817a 4500
003 OSt
005 20260415075247.0
008 260415b |||||||| |||| 00| 0 eng d
020 _a9715980147
040 _aDWCL GS lib
_cOC
082 _aRes.(Fil.) 808.81 C227o 1996
100 _aCanonigo, C.S.
245 _a100 Selected Poems For Young & Adults :
_bPlus 80 Nursery Rhymes and Limericks And Famous Poems of Dr. Jose Rizal /
_cC.S. Canonigo
260 _aCebu City
_bPalinsad Gen. Mdse.
_cc1996.
300 _aix, 197 pages:
_billustrations
_c15cm.
546 _aEnglish
942 _2ddc
_cBK-0 CIRC
_hRes(Fil.)
_n0
999 _c9463
_d9463